Famous People Named Casey Quiz Stats

 Plays Quiz not verified by Sporcle

Also try: Foods That Are Red
Challenge
Share
Tweet
Embed
Score 0/20 Timer 06:00
0 Plays Today
Description Casey % Correct
Actor, Brother of Famous BenCasey Affleck
64%
Voice Actor and Disc JockeyCasey Kasem
48%
Accused of Murdering Her DaughterCasey Anthony
48%
Baseball PlayerCasey Stengel
36%
Heiress to the ___and____Foundation, who died of a drug overdose.Casey Johnson
20%
NFL LinebackerCasey Matthews
16%
Actress of Happy EndingsCasey Wilson
12%
Singer of American Idol 1Casey Abrams
8%
Singer of American Idol 2Casey James
8%
Actor of DamagesCasey Siemaszko
8%
Description Casey % Correct
Stock Car Racing DriverCasey Mears
8%
Pro Bowl Defensive TackleCasey Hampton
4%
Former Fiance of Jamie Lynn SpearsCasey Aldridge
0%
Young Actress in The Twilight SagaCasey Labow
0%
DrummerCasey Grillo
0%
TelevangelistCasey Treat
0%
Rookie Race Car Driver of 1996Casey Atwood
0%
Race Car Driver NASCAR 2011Casey Roderick
0%
Soccer ForwardCasey Townsend
0%
MotoGP RacerCasey Stoner
0%

You're not logged in!

Compare scores with friends on all Sporcle quizzes.
Join for Free
OR
Log In

You Might Also Like...

Show Comments

Extras

Top Quizzes Today


Score Distribution

Your Account Isn't Verified!

In order to create a playlist on Sporcle, you need to verify the email address you used during registration. Go to your Sporcle Settings to finish the process.

Report this User

Report this user for behavior that violates our Community Guidelines.

Details: